Quick math quiz only a short - quiz 20 - Statistics

General Stats
  • This quiz has been taken 33 times
  • The average score is 13 of 15
Answer Stats
X 5 Answer % Correct
25 125
96%
34 170
96%
26 130
93%
54 270
93%
63 315
93%
7 35
93%
37 185
89%
49 245
89%
67 335
89%
11 55
89%
17 85
89%
39 195
81%
69 345
81%
73 365
81%
41 205
81%
No matching quizzes found
Score Distribution
Percent of People with Each Score
Percentile by Number Answered
Your Score History
You have not taken this quiz